| Tag |
First Indicator |
Second Indicator |
Subfields |
| LEADER |
00000cam a2200000 i 4500 |
| 001 |
in00000220913 |
| 005 |
20151009065656.0 |
| 008 |
760521s1975 dcua b 00000 eng |
| 010 |
|
|
|a 76362235
|
| 020 |
|
|
|c $3.00
|
| 035 |
|
|
|a (OCoLC)02297101
|
| 035 |
|
|
|9 AAY4455AM
|
| 040 |
|
|
|a DLC
|c DLC
|d TXA
|d UtOrBLW
|
| 043 |
|
|
|a n-us---
|
| 049 |
|
|
|a [Curr Col] [Guide] TXAM
|c 1 [1401668], 2 [1113974]
|
| 050 |
0 |
0 |
|a TJ163.23
|b .E53
|
| 082 |
0 |
|
|a 372.8/3
|
| 245 |
0 |
0 |
|a Energy-environment mini-unit guide /
|c Stephen M. Smith, editor ; Julianne Crocker, James V. DeRose ; contributing authors, Carol Euson, Richard Hildenbrand.
|
| 264 |
|
1 |
|a Washington :
|b National Science Teachers Association,
|c [1975]
|
| 264 |
|
4 |
|c ©1975
|
| 300 |
|
|
|a xiii, 220 pages :
|b illustrations ;
|c 29 cm.
|
| 336 |
|
|
|a text
|b txt
|2 rdacontent
|
| 337 |
|
|
|a unmediated
|b n
|2 rdamedia
|
| 338 |
|
|
|a volume
|b nc
|2 rdacarrier
|
| 500 |
|
|
|a "Contract OEC-0-74-8736, Project ROO47FPA."
|
| 504 |
|
|
|a Includes bibliographies.
|
| 650 |
|
0 |
|a Power resources
|x Study and teaching (Elementary)
|z United States.
|
| 650 |
|
0 |
|a Environmental protection
|x Study and teaching (Elementary)
|z United States.
|
| 650 |
|
0 |
|a Pollution
|x Study and teaching (Elementary)
|z United States.
|
| 700 |
1 |
|
|a Smith, Stephen Michael,
|d 1942-
|
| 700 |
1 |
|
|a Crocker, Julianne.
|
| 700 |
1 |
|
|a DeRose, James V.
|
| 710 |
2 |
|
|a National Science Teachers Association.
|
| 999 |
|
|
|a MARS
|
| 999 |
f |
f |
|s feb64d09-a55d-399a-b21c-3bbd7d3bca32
|i f9165fcd-8fad-398b-a76a-fea787172c65
|t 0
|
| 952 |
f |
f |
|p ric
|a Texas A&M University
|b Rellis Campus
|c Joint Library Facility
|d Remote Storage
|t 0
|e TJ163.23 .E53
|h Library of Congress classification
|i unmediated -- volume
|m A14800260681
|
| 998 |
f |
f |
|a TJ163.23 .E53
|t 0
|l Remote Storage
|